Student behaviour : theory and practice for teachers /

Na minha lista:
Detalhes bibliográficos
Autor principal: Porter, Louise, 1958-
Formato: Livro
Idioma:English
Publicado em: St Leonards, N.S.W. : Allen and Unwin, 2000.
Edição:2nd ed.
Assuntos:
Tags: Adicionar Tag
Sem tags, seja o primeiro a adicionar uma tag!
Thư viện lưu trữ: Mạng thư viện Đại học Đà Nẵng
LEADER 00938cam a2200361 i 4500
001 000045264
003 4435
005 20030226103734.0
008 010301|2000 vm 000 eng
020 |a 186508221X 
040 |a IRC  |c IRC  |d IRC 
041 0 |a eng 
082 1 4 |a 370.15  |b PO-L 
100 1 |a Porter, Louise,  |d 1958- 
245 0 0 |a Student behaviour :  |b theory and practice for teachers /  |c Louise Porter. 
250 |a 2nd ed. 
260 |a St Leonards, N.S.W. :  |b Allen and Unwin,  |c 2000. 
300 |a x, 331p. 
630 0 4 |a Education. 
650 0 4 |a Behavior modification. 
650 0 4 |a Educational psychology. 
650 0 4 |a School discipline. 
650 0 4 |a Students  |x Psychology. 
OWN |a DUT 
999 |a From the UDN01 
TYP |a Monograph 
TYP |a Printed language 
980 |a Mạng thư viện Đại học Đà Nẵng